Symplectic geometry of integrable Hamiltonian systems /
Guardado en:
| Autor Principal: | |
|---|---|
| Otros Autores: | , |
| Formato: | Libro |
| Idioma: | English |
| Publicado: |
Basel ; Boston :
Birkhäuser Verlag,
2003.
|
| Series: | Advanced courses in mathematics, CRM Barcelona
|
| Materias: | |
| Acceso en línea: | Publisher description |
| Etiquetas: |
Agregar Etiqueta
Sin Etiquetas, Sea el primero en etiquetar este registro!
|
| LEADER | 01356cam a22003014a 4500 | ||
|---|---|---|---|
| 001 | MAT.inmabb006842 | ||
| 008 | 030404s2003####sz#a#####b####001#0#eng## | ||
| 005 | 20140313140056.0 | ||
| 245 | 1 | 0 | |a Symplectic geometry of integrable Hamiltonian systems / |c Michèle Audin, Ana Cannas da Silva, Eugene Lerman. |
| 260 | |a Basel ; |a Boston : |b Birkhäuser Verlag, |c 2003. | ||
| 300 | |a x, 225 p. : |b il. ; |c 24 cm. | ||
| 440 | 0 | |a Advanced courses in mathematics, CRM Barcelona | |
| 500 | |a "An expanded version of the lectures delivered by the authors at the CRM Barcelona in July 2001"--Contratapa. | ||
| 504 | |a Incluye referencias bibliográficas e índice. | ||
| 505 | 0 | |a A. Lagrangian Submanifolds / M. Audin -- B. Symplectic Toric Manifolds / A. Cannas da Silva -- C. Geodesic Flows and Contact Toric Manifolds / E. Lerman. | |
| 510 | 4 | |a MR, |c 2004h:53108 | |
| 020 | |a 0817621679 (alk. paper) | ||
| 020 | |a 3764321679 (alk. paper) | ||
| 100 | 1 | |a Audin, Michèle. | |
| 700 | 1 | |a Silva, Ana Cannas da. | |
| 700 | 1 | |a Lerman, Eugene. | |
| 650 | 0 | |a Hamiltonian systems. | |
| 650 | 0 | |a Symplectic manifolds. | |
| 084 | |a 53Dxx (37-06 37J05 37J15 37J35 53-06) |2 msc2000 | ||
| 010 | |a 2003050032 | ||
| 040 | |a DLC |c DLC |d DLC | ||
| 856 | 4 | 2 | |3 Publisher description |u http://www.loc.gov/catdir/enhancements/fy0812/2003050032-d.html |
| 859 | |h 53 |i Au912 |p A-8861 |b BIB. MATEMATICA | ||
